Devine les pays #1 - Statistiques

Statistiques générales
  • Ce quiz a été pris 169 fois
  • Le résultat moyen est 13 sur 16
Statistiques - réponses
Par images Réponse % Correct
france
100%
espagne
99%
bresil
98%
portugal
98%
algerie
97%
allemagne
97%
inde
94%
croatie
92%
russie
89%
usa
81%
colombie
79%
nigeria
77%
cuba
73%
cambodge
61%
libye
34%
paname
15%
Aucun quiz correspondant
Distribution des résultats
% des personnes avec chaque résultat
Percentile par nombre de réponses
Votre historique - résultats
Vous n’avez pas pris ce quiz